| 000 | 00921cab a2200325 4500 | ||
|---|---|---|---|
| 001 | ABS49459 | ||
| 008 | 090401t1993 xxu||||| |||| 00| 0 eng d | ||
| 035 | _a(Sirsi) u71378 | ||
| 041 | _aeng | ||
| 245 | _aSurvey : Birmingham | ||
| 260 | _c1993 | ||
| 350 | _a0 | ||
| 490 |
_aEstates Times _v(1207) 8 October 1993, 12-29(17) |
||
| 650 | _aASTON SCIENCE PARK | ||
| 650 | _aBIRMINGHAM | ||
| 650 | _aBRINDLEYPLACE | ||
| 650 | _aDUDLEY | ||
| 650 | _aEDGBASTON | ||
| 650 | _aFREIGHT TERMINALS | ||
| 650 | _aHAMS HALL | ||
| 650 | _aINDUSTRIAL MARKET | ||
| 650 | _aPROPERTY-COMMERCIAL PROPERTY-OFFICE PROPERTY-OFFICE PROPERTY MARKET | ||
| 650 | _aPROPERTY-COMMERCIAL PROPERTY-RETAIL PROPERTY-RETAIL PROPERTY MARKET | ||
| 650 | _aSOLIHULL | ||
| 650 | _aWATERLINKS | ||
| 650 | _aWEST MIDLANDS | ||
| 690 | _aPROPERTY-COMMERCIAL PROPERTY-COMMERCIAL PROPERTY MARKET | ||
| 942 | _n0 | ||
| 948 | _c04/03/1997 | ||
| 999 |
_c44986 _d44986 |
||